000 00860nam a22002777a 4500
001 BR2013008133
003 BR-BrBNA
005 20230928104301.0
007 ta
008 230509b bl.||||| |||| 00| 0 por d
040 _aBR-BrBNA
_bpor
_cBiblioteca Nacional de Agricultura
041 _a(Por)
072 _aS01
090 _ S01 BR2013008133
100 1 _aFernandes, R.S.
110 1 _aUniversidade Federal de Lavras, MG (Brasil)
_0Tese (Doutorado)
245 1 _aFrutas, sementes e amêndoas silvestres comestíveis na comunidade indígena Tunuí-Cachoeira - AM
260 3 _aLavras, MG (Brasil):
_c2012.
300 _a204 p.
500 _aSummaries (Eng, Por); Sevral bibliography; 57 illus.; 20 tables
650 _aNUTRIÇÃO HUMANA
650 _aFRUTA
650 _aBIODIVERSIDADE
909 _a202309
_bLucia
_c55
_dLucia Elande
942 _cBK
999 _c79089
_d79089